<?xml version="1.0" encoding="utf-8"?>
<?xml-stylesheet type='text/xsl' href='./oai2.xsl'?>
<OAI-PMH xmlns="http://www.openarchives.org/OAI/2.0/" xmlns:xsi="http://www.w3.org/2001/XMLSchema-instance" xsi:schemaLocation="http://www.openarchives.org/OAI/2.0/ http://www.openarchives.org/OAI/2.0/OAI-PMH.xsd">
  <responseDate>2026-06-05T22:37:29Z</responseDate>
  <request verb="GetRecord" metadataPrefix="marcxml" identifier="record_kuniweb_21815">https://kulturerbe.niedersachsen.de/oai</request>
  <GetRecord>
    <record>
      <header>
        <identifier>record_kuniweb_21815</identifier>
        <datestamp>2015-06-19T12:07:43Z</datestamp>
        <setSpec>slg0103</setSpec>
      </header>
      <metadata>
        <marc:record xmlns:marc="http://www.loc.gov/MARC21/slim" xsi:schemaLocation="http://www.loc.gov/MARC21/slim http://www.loc.gov/standards/marcxml/schema/MARC21slim.xsd">
          <marc:leader>12345nem  22     uu 4500</marc:leader>
          <marc:controlfield tag="001">21815</marc:controlfield>
          <marc:controlfield tag="003">http://kuniweb.gbv.de</marc:controlfield>
          <marc:controlfield tag="005">2015-04-12T10:37:49</marc:controlfield>
          <marc:controlfield tag="008">|           ||||||||||||||||||||||</marc:controlfield>
          <marc:datafield tag="245" ind1="1" ind2="0">
            <marc:subfield code="a">Ducatus Brunsvicensis in eiusdem tres Principatus Calenbergicum scilicet et Grubenhagensem (sub Electoro B.L. Hannoverano) et in Guelpherbitanum (sub Duce B.L. Guelpherbitano) distincte divisi ... nova tabula</marc:subfield>
          </marc:datafield>
          <marc:datafield tag="700" ind1="1" ind2=" ">
            <marc:subfield code="a">Dauthendey</marc:subfield>
            <marc:subfield code="e">Vorbild / Ideengeber</marc:subfield>
          </marc:datafield>
          <marc:datafield tag="655" ind1=" " ind2="7">
            <marc:subfield code="a">Karten</marc:subfield>
          </marc:datafield>
          <marc:datafield tag="046" ind1=" " ind2=" ">
            <marc:subfield code="k">1692</marc:subfield>
            <marc:subfield code="k">nach 1692; Veröffentlichung um 1700</marc:subfield>
          </marc:datafield>
          <marc:datafield tag="260" ind1=" " ind2=" ">
            <marc:subfield code="g">1692</marc:subfield>
            <marc:subfield code="g">nach 1692; Veröffentlichung um 1700</marc:subfield>
          </marc:datafield>
          <marc:datafield tag="300" ind1=" " ind2=" ">
            <marc:subfield code="a">Höhe: 41,5 cm
Breite: 52,5 cm</marc:subfield>
          </marc:datafield>
          <marc:datafield tag="520" ind1=" " ind2=" ">
            <marc:subfield code="a">Maßstäbe (in cm): 3 deutsche oder geometrische Meilen zu 15 auf einen Grad = 6,1; 4 französische Meilen oder Wegstunden zu 20 auf einen Grad = 6,2
Ausrichtung: Norden
Rückseite: leer

Anmerkungen: 
Die Karten auf der Grundlage von Dauthendey sind zweifelsfrei an der falsch, nämlich fast  waagerecht von Osten nach Westen, eingezeichneten Aller zu erkennen. – De Wit veröffentlichte eine Braunschweig-Karte nach Dauthendey ab 1680 ohne Einteilung in Fürstentümer; diese erfolgte erst nach Errichtung des Kurfürstentums Braunschweig-Lüneburg im Jahre 1692 mit der vorliegenden Karte.

Veröffentlicht in:
"Atlas maior" von und bei Frederick de Wit, Amsterdam um 1700

Literatur in Zusammenhang:
C. Koeman und Homan, H. J., „Merula - Zeegers. Atlantes Neerlandici ; Vol. 3“. Theatrum Orbis Terrarum, Amsterdam, 1969. (S. 200 f. Wit 13 Nr. 49)</marc:subfield>
          </marc:datafield>
          <marc:datafield tag="650" ind1="1" ind2=" ">
            <marc:subfield code="a">Landkarte</marc:subfield>
          </marc:datafield>
          <marc:datafield tag="773" ind1="0" ind2=" ">
            <marc:subfield code="t">Sammlung Körber-Einbeck</marc:subfield>
          </marc:datafield>
          <marc:datafield tag="852" ind1=" " ind2=" ">
            <marc:subfield code="a">Institut für Historische Landesforschung der Universität Göttingen</marc:subfield>
          </marc:datafield>
          <marc:datafield tag="" ind1=" " ind2=" ">
            <marc:subfield code="a">Namensnennung-Nicht kommerziell 4.0 International (CC BY-NC 4.0))</marc:subfield>
          </marc:datafield>
        </marc:record>
      </metadata>
    </record>
  </GetRecord>
</OAI-PMH>
